[Event "Herforder SV Königsspringer 1 - SK Hern"]
[Site "NRW-Klasse, Gruppe 2 2013/201"]
[Date "2014.01.12"]
[Round "5.2"]
[White "Wolf, Andre"]
[Black "Langers, Alexander"]
[Result "0-1"]
[WhiteElo "2141"]
[BlackElo "2187"]
[PlyCount "84"]
[EventDate "2014.??.??"]
[WhiteTeam "Herforder SV Königsspringer 1"]
[BlackTeam "SK Herne-Sodingen 1"]

1. e4 c5 2. Nf3 e6 3. g3 Nc6 4. Bg2 Qc7 5. O-O Nf6 6. Re1 d6 7. c3 Be7 8. d4
O-O 9. dxc5 dxc5 10. e5 Nd5 11. Qe2 Rd8 12. h4 Rb8 13. Ng5 h6 14. Nh3 b5 15.
Nf4 Nxf4 16. Bxf4 Bf8 17. Nd2 Ne7 18. g4 Bb7 19. Bg3 Bxg2 20. Kxg2 c4 21. Ne4
Rd3 22. Rad1 Rbd8 23. Nd6 Qc6+ 24. f3 Rxd1 25. Rxd1 Nd5 26. Rd4 a6 27. Ne4 Bc5
28. Nxc5 Qxc5 29. Kh2 a5 30. a3 Rc8 31. h5 b4 32. axb4 axb4 33. Bf2 bxc3 34.
bxc3 Nxc3 35. Qe1 Nd5 36. g5 hxg5 37. h6 gxh6 38. Rh4 Qf8 39. Rg4 c3 40. Be3
Nxe3 41. Qxe3 c2 42. Rg1 Qc5 0-1

[Event "Herforder SV Königsspringer 1 - SK Hern"]
[Site "NRW-Klasse, Gruppe 2 2013/201"]
[Date "2014.01.12"]
[Round "5.3"]
[White "Waldschmidt, Georg"]
[Black "Peist, Juergen"]
[Result "0-1"]
[WhiteElo "2197"]
[BlackElo "2237"]
[PlyCount "74"]
[EventDate "2014.??.??"]
[WhiteTeam "SK Herne-Sodingen 1"]
[BlackTeam "Herforder SV Königsspringer 1"]

1. e4 e6 2. d4 d5 3. e5 c5 4. c3 Nc6 5. Nf3 Nge7 6. a3 c4 7. Nbd2 Qc7 8. b3
cxb3 9. Nxb3 Bd7 10. Bd3 h6 11. O-O Nc8 12. Nfd2 Na5 13. Nxa5 Qxa5 14. Rb1 Qxc3
15. Rb3 Qc7 16. Qe2 Nb6 17. Bb2 Ba4 18. Rc3 Qd7 19. Rfc1 Rc8 20. Nb3 Rxc3 21.
Rxc3 Be7 22. Bc1 Nc4 23. Nd2 b5 24. Bb1 a5 25. Rg3 g6 26. Nf1 Qa7 27. Qg4 g5
28. Rd3 b4 29. axb4 axb4 30. Qh5 Na3 31. Rf3 Nxb1 32. Qxf7+ Kd7 33. Rf6 Qa6 34.
Qg7 Re8 35. Rxh6 Nc3 36. Bxg5 Ne2+ 37. Kh1 Nxd4 0-1

[Event "Herforder SV Königsspringer 1 - SK Hern"]
[Site "NRW-Klasse, Gruppe 2 2013/201"]
[Date "2014.01.12"]
[Round "5.4"]
[White "Pieper-Emden, Carsten"]
[Black "Trzaska, Peter"]
[Result "1/2-1/2"]
[WhiteElo "2156"]
[BlackElo "2069"]
[Annotator "Doe,John"]
[PlyCount "29"]
[EventDate "2014.??.??"]
[WhiteTeam "Herforder SV Königsspringer 1"]
[BlackTeam "SK Herne-Sodingen 1"]

1. Nf3 d5 2. d4 c6 3. Bf4 Nf6 4. c3 Qb6 5. Qb3 Bf5 6. Nbd2 e6 7. h3 h6 8. e3
Be7 $11 9. Ne5 Nbd7 10. Be2 Nxe5 11. Bxe5 O-O 12. g4 Bh7 13. h4 Nd7 14. Bg3 c5
15. Qxb6 1/2-1/2

[Event "Herforder SV Königsspringer 1 - SK Hern"]
[Site "NRW-Klasse, Gruppe 2 2013/201"]
[Date "2014.01.12"]
[Round "5.5"]
[White "Schippan, Bernhard"]
[Black "Loemker, Michael"]
[Result "1/2-1/2"]
[WhiteElo "2181"]
[BlackElo "2092"]
[PlyCount "90"]
[EventDate "2014.??.??"]
[WhiteTeam "SK Herne-Sodingen 1"]
[BlackTeam "Herforder SV Königsspringer 1"]

1. e4 g6 2. d4 Bg7 3. Nc3 d6 4. f4 a6 5. Nf3 b5 6. Bd3 e6 7. a4 b4 8. Ne2 Ne7
9. O-O O-O 10. Be3 Nd7 11. Qd2 a5 12. f5 exf5 13. exf5 Nf6 14. Ng3 Ng4 15. Bg5
f6 16. Bf4 g5 17. Be3 Bb7 18. Nh5 Nd5 19. Bf2 Qd7 20. h3 Nxf2 21. Rxf2 Rae8 22.
Bb5 Bc6 23. Bxc6 Qxc6 24. Nxg5 Bh6 25. h4 Re4 26. Nxe4 Bxd2 27. Rxd2 Qe8 28.
Nhg3 Kf7 29. Re1 Qxa4 30. Rde2 Qd7 31. c4 bxc3 32. Nxc3 Nxc3 33. bxc3 Rg8 34.
Kh2 c5 35. Re6 Rxg3 36. Kxg3 cxd4 37. cxd4 a4 38. Kf4 d5 39. Ra6 h5 40. Ree6
Qc7+ 41. Rad6 Qc1+ 42. Kg3 Qc3+ 43. Kh2 Qxd4 44. Rd7+ Kf8 45. Rd8+ Kf7 1/2-1/2

[Event "Herforder SV Königsspringer 1 - SK Hern"]
[Site "NRW-Klasse, Gruppe 2 2013/201"]
[Date "2014.01.12"]
[Round "5.6"]
[White "Quelle, Helmut"]
[Black "Becker, Joerg"]
[Result "1/2-1/2"]
[WhiteElo "2084"]
[BlackElo "2149"]
[PlyCount "44"]
[EventDate "2014.??.??"]
[WhiteTeam "Herforder SV Königsspringer 1"]
[BlackTeam "SK Herne-Sodingen 1"]

1. Nf3 c5 2. g3 Nf6 3. Bg2 Nc6 4. c4 g6 5. Nc3 Bg7 6. O-O O-O 7. d4 cxd4 8.
Nxd4 Qb6 9. Nxc6 dxc6 10. Qc2 Qd4 11. Qb3 Nd7 12. Be3 Qe5 13. Rad1 Qc7 14. Ne4
Nf6 15. Bd4 Nxe4 16. Bxe4 Bxd4 17. Rxd4 Qe5 18. Qe3 Be6 19. f4 Qc5 20. b3 Rad8
21. Rfd1 Rd6 22. Kf2 Rfd8 1/2-1/2

[Event "Herforder SV Königsspringer 1 - SK Hern"]
[Site "NRW-Klasse, Gruppe 2 2013/201"]
[Date "2014.01.12"]
[Round "5.7"]
[White "Kaehmann, Joerg"]
[Black "Bykovskij, Sergej"]
[Result "0-1"]
[WhiteElo "2207"]
[BlackElo "2023"]
[Annotator "Doe,John"]
[PlyCount "70"]
[EventDate "2014.??.??"]
[WhiteTeam "SK Herne-Sodingen 1"]
[BlackTeam "Herforder SV Königsspringer 1"]

1. d4 d5 2. Nf3 Nf6 3. c4 c6 4. Nc3 e6 5. e3 Nbd7 6. Bd3 dxc4 7. Bxc4 b5 8. Bd3
Bb7 9. O-O a6 10. a4 Bd6 11. Qe2 O-O 12. e4 e5 13. Bg5 exd4 14. Nxd4 Ne5 15.
Bc2 h6 16. Bf4 Qc7 17. Kh1 Ng6 18. Bxd6 Qxd6 19. Nf5 Qe6 20. Rae1 b4 $11 21.
Nb1 c5 22. Nd2 Rad8 23. Nb3 Qc8 24. Na5 Ba8 25. Nc4 Qe6 26. f3 Nf4 27. Qe3 Qxc4
28. Rc1 Ng6 29. e5 Nd5 30. Qe1 Qf4 31. e6 Nde7 32. Nxe7+ Nxe7 33. Bb3 Bd5 34.
exf7+ Qxf7 35. Bxd5 Rxd5 0-1

[Event "Herforder SV Königsspringer 1 - SK Hern"]
[Site "NRW-Klasse, Gruppe 2 2013/201"]
[Date "2014.01.12"]
[Round "5.8"]
[White "Hanisch, Bernd"]
[Black "Reinholz, Benjamin"]
[Result "1/2-1/2"]
[WhiteElo "1969"]
[BlackElo "1971"]
[PlyCount "109"]
[EventDate "2014.??.??"]
[WhiteTeam "Herforder SV Königsspringer 1"]
[BlackTeam "SK Herne-Sodingen 1"]

1. c4 e5 2. Nc3 Nc6 3. g3 Bc5 4. Bg2 d6 5. e3 Nge7 6. Nge2 Nf5 7. a3 a5 8. Nb5
O-O 9. O-O Nce7 10. d4 Bb6 11. dxe5 dxe5 12. Qc2 c6 13. Rd1 Qe8 14. Nbc3 Nh6
15. Na4 Bc7 16. e4 Ng4 17. h3 Nf6 18. Be3 Be6 19. Nc5 Qc8 20. Nxe6 Qxe6 21. Rd2
Rfd8 22. Rad1 Rxd2 23. Rxd2 Rd8 24. Rxd8+ Bxd8 25. Bf1 Nc8 26. c5 b5 27. cxb6
Nxb6 28. Qd2 Nbd7 29. Nc3 Bc7 30. Kg2 Nb6 31. Qd3 Qd7 32. Qa6 Nc8 33. Qa8 Qe8
34. Ba6 Nd6 35. Qxe8+ Nfxe8 36. f3 Kf8 37. Bc5 Ke7 38. Na4 Ke6 39. Be3 Nb5 40.
Nc5+ Ke7 41. Nb3 a4 42. Nc5 Bb6 43. Kf2 Bxc5 44. Bxc5+ Kd7 45. Ke3 Nec7 46. Bb7
Nd6 47. Bxd6 Kxd6 48. Bc8 Kc5 49. Kd3 Nb5 50. f4 f6 51. Bg4 Nd4 52. Bd1 Kb5 53.
fxe5 fxe5 54. Kc3 Ne6 55. h4 1/2-1/2

[Event "LSV Turm Lippstadt 1 - SG Solingen 3"]
[Site "NRW-Klasse, Gruppe 2 2013/201"]
[Date "2014.01.12"]
[Round "5.1"]
[White "Kniest, Oliver"]
[Black "Wehmeier, Stefan"]
[Result "1/2-1/2"]
[WhiteElo "2239"]
[BlackElo "2411"]
[PlyCount "45"]
[EventDate "2014.??.??"]
[WhiteTeam "SG Solingen 3"]
[BlackTeam "LSV Turm Lippstadt 1"]

1. d4 d5 2. Nf3 Nf6 3. c4 dxc4 4. e3 e6 5. Bxc4 a6 6. O-O c5 7. dxc5 Bxc5 8.
Qxd8+ Kxd8 9. Nbd2 b5 10. Be2 Nc6 11. Nb3 Bb6 12. a4 bxa4 13. Rxa4 a5 14. Bb5
Na7 15. Rd1+ Kc7 16. Rc4+ Kb8 17. Ba4 Ba6 18. Rc2 Bb5 19. Bxb5 Nxb5 20. Ne5 a4
21. Nd2 Rf8 22. Ndc4 Bc7 23. Bd2 1/2-1/2

[Event "LSV Turm Lippstadt 1 - SG Solingen 3"]
[Site "NRW-Klasse, Gruppe 2 2013/201"]
[Date "2014.01.12"]
[Round "5.2"]
[White "Matthias, Heiner"]
[Black "Hobusch, Alexander"]
[Result "1-0"]
[WhiteElo "2311"]
[BlackElo "2187"]
[PlyCount "43"]
[EventDate "2014.??.??"]
[WhiteTeam "LSV Turm Lippstadt 1"]
[BlackTeam "SG Solingen 3"]

1. d4 d5 2. Nf3 Nf6 3. e3 c5 4. dxc5 Qa5+ 5. Nbd2 Qxc5 6. a3 Bg4 7. b4 Qc7 8.
Bb2 Nbd7 9. c4 dxc4 10. Bxc4 e6 11. Rc1 Qd8 12. h3 Bxf3 13. Qxf3 Be7 14. Qxb7
O-O 15. Nb3 a5 16. Nxa5 Nc5 17. Qf3 Rxa5 18. bxa5 Qxa5+ 19. Bc3 Qxa3 20. O-O
Nce4 21. Bxf6 Nd2 22. Qd1 1-0

[Event "LSV Turm Lippstadt 1 - SG Solingen 3"]
[Site "NRW-Klasse, Gruppe 2 2013/201"]
[Date "2014.01.12"]
[Round "5.3"]
[White "Hobusch, Jan"]
[Black "Brenke, Andreas"]
[Result "1/2-1/2"]
[WhiteElo "2086"]
[BlackElo "2301"]
[PlyCount "27"]
[EventDate "2014.??.??"]
[WhiteTeam "SG Solingen 3"]
[BlackTeam "LSV Turm Lippstadt 1"]

1. d4 d6 2. e4 Nf6 3. Nc3 c6 4. Bg5 Nbd7 5. Qd2 e5 6. Nf3 Be7 7. Bd3 O-O 8. h3
a6 9. a4 b6 10. O-O Bb7 11. Rad1 Re8 12. Rfe1 Qc7 13. Bf1 Rad8 14. Bh4 1/2-1/2

[Event "LSV Turm Lippstadt 1 - SG Solingen 3"]
[Site "NRW-Klasse, Gruppe 2 2013/201"]
[Date "2014.01.12"]
[Round "5.4"]
[White "Schroeder, Kevin"]
[Black "Neumair, Jerome"]
[Result "1/2-1/2"]
[WhiteElo "2163"]
[BlackElo "2107"]
[PlyCount "78"]
[EventDate "2014.??.??"]
[WhiteTeam "LSV Turm Lippstadt 1"]
[BlackTeam "SG Solingen 3"]

1. e4 e6 2. d4 d5 3. Nc3 Bb4 4. a3 Bxc3+ 5. bxc3 dxe4 6. Qg4 Nf6 7. Qxg7 Rg8 8.
Qh6 Rg6 9. Qd2 c5 10. Ne2 Bd7 11. dxc5 Ba4 12. Qxd8+ Kxd8 13. Bf4 Bxc2 14. Nd4
Ba4 15. Rb1 Nfd7 16. Bd6 b6 17. Rb4 bxc5 18. Rxa4 cxd4 19. Rxd4 Nc6 20. Rd1 a6
21. g3 f5 22. Bg2 Ne7 23. O-O Rc8 24. f3 Nd5 25. Rfe1 Nxc3 26. Rd2 exf3 27.
Bxf3 Ne4 28. Bxe4 fxe4 29. Rxe4 Rc1+ 30. Kg2 Ke8 31. Bf4 Rc6 32. Red4 e5 33.
Rxd7 exf4 34. Rxh7 fxg3 35. hxg3 Rc3 36. Rb2 Rgxg3+ 37. Kh2 Rb3 38. Rc2 Rbc3
39. Rb2 Rb3 1/2-1/2

[Event "LSV Turm Lippstadt 1 - SG Solingen 3"]
[Site "NRW-Klasse, Gruppe 2 2013/201"]
[Date "2014.01.12"]
[Round "5.5"]
[White "Auer, Martin"]
[Black "Fecke, Andreas"]
[Result "1/2-1/2"]
[WhiteElo "2140"]
[BlackElo "2127"]
[PlyCount "33"]
[EventDate "2014.??.??"]
[WhiteTeam "SG Solingen 3"]
[BlackTeam "LSV Turm Lippstadt 1"]

1. f4 d6 2. e4 e5 3. Nf3 exf4 4. d4 g5 5. h4 g4 6. Ng1 Bh6 7. Nc3 Nf6 8. Nge2
d5 9. e5 Nh5 10. g3 Be6 11. gxf4 f5 12. Be3 Nc6 13. Qd2 Ne7 14. O-O-O Qd7 15.
b3 Kf7 16. Na4 b6 17. Bg2 1/2-1/2

[Event "LSV Turm Lippstadt 1 - SG Solingen 3"]
[Site "NRW-Klasse, Gruppe 2 2013/201"]
[Date "2014.01.12"]
[Round "5.6"]
[White "Wagner, Alexej"]
[Black "Zolfagharian, Kevin"]
[Result "1-0"]
[WhiteElo "2232"]
[BlackElo "2065"]
[PlyCount "49"]
[EventDate "2014.??.??"]
[WhiteTeam "LSV Turm Lippstadt 1"]
[BlackTeam "SG Solingen 3"]

1. d4 d5 2. c4 c6 3. cxd5 cxd5 4. Nc3 Nf6 5. Nf3 Nc6 6. Bf4 e6 7. e3 Bb4 8. Rc1
Ne4 9. Bd3 f5 10. O-O Bxc3 11. bxc3 O-O 12. Ne5 g5 13. Nxc6 bxc6 14. Be5 Qe8
15. c4 Bd7 16. Qc2 h5 17. Rb1 g4 18. Rb7 Ng5 19. Bd6 Bc8 20. Rb2 Rf7 21. Rfb1
Qd8 22. Bf4 Kh7 23. cxd5 cxd5 24. Rb8 Rxb8 25. Rxb8 1-0

[Event "LSV Turm Lippstadt 1 - SG Solingen 3"]
[Site "NRW-Klasse, Gruppe 2 2013/201"]
[Date "2014.01.12"]
[Round "5.7"]
[White "Peschel, Andreas"]
[Black "Grobbel, Rainer"]
[Result "1/2-1/2"]
[WhiteElo "2053"]
[BlackElo "2089"]
[PlyCount "57"]
[EventDate "2014.??.??"]
[WhiteTeam "SG Solingen 3"]
[BlackTeam "LSV Turm Lippstadt 1"]

1. d4 d5 2. Nf3 Nf6 3. c4 e6 4. e3 Be7 5. Nbd2 O-O 6. Bd3 b6 7. O-O Bb7 8. b3
Nbd7 9. Bb2 c5 10. Rc1 Rc8 11. Qe2 Ne4 12. Rfd1 cxd4 13. Nxd4 Nxd2 14. Rxd2 Bb4
15. Rdd1 Qe7 16. Qh5 h6 17. Nf3 Nf6 18. Qh3 Ba3 19. Rd2 Bxb2 20. Rxb2 dxc4 21.
Rxc4 Rxc4 22. Bxc4 Qa3 23. Re2 Rd8 24. Ne1 Rd1 25. f3 b5 26. Qg3 bxc4 27. Qb8+
Kh7 28. Qxb7 Rd7 29. Qb5 1/2-1/2

[Event "LSV Turm Lippstadt 1 - SG Solingen 3"]
[Site "NRW-Klasse, Gruppe 2 2013/201"]
[Date "2014.01.12"]
[Round "5.8"]
[White "Kuckling, Hannah"]
[Black "Pfeiffer, Michael"]
[Result "0-1"]
[WhiteElo "1991"]
[BlackElo "1881"]
[PlyCount "70"]
[EventDate "2014.??.??"]
[WhiteTeam "LSV Turm Lippstadt 1"]
[BlackTeam "SG Solingen 3"]

1. e4 c5 2. Nc3 Nc6 3. f4 g6 4. Nf3 Bg7 5. Bb5 Nd4 6. Bc4 e6 7. Nxd4 cxd4 8.
Nb5 d6 9. c3 Ne7 10. Nxd4 O-O 11. d3 d5 12. Bb3 dxe4 13. dxe4 b6 14. O-O Bb7
15. Bc2 a6 16. Be3 Qc7 17. Qe2 Nc6 18. Nf3 Rac8 19. Rac1 Na5 20. Nd2 b5 21. f5
exf5 22. exf5 Be5 23. h3 Rfe8 24. Nf3 Nc4 25. Kh1 Nxe3 26. Qxe3 Bf4 27. Qf2
Bxc1 28. Rxc1 Qf4 29. Rd1 Bxf3 30. gxf3 Rcd8 31. fxg6 Rxd1+ 32. Bxd1 hxg6 33.
Bc2 Rd8 34. Be4 Qc1+ 35. Qg1 Rd1 0-1

[Event "NRW-Klasse, Gruppe 2"]
[Site "Würselen"]
[Date "2014.01.12"]
[Round "5"]
[White "Bee, Marcus"]
[Black "Goossens, Etienne"]
[Result "1/2-1/2"]
[WhiteElo "2251"]
[BlackElo "2192"]
[PlyCount "37"]
[EventDate "2014.??.??"]
[WhiteTeam "SK Holsterhausen"]
[BlackTeam "SV Wüselen"]

1. Nf3 Nf6 2. c4 g6 3. g3 Bg7 4. Bg2 O-O 5. O-O d6 6. d4 Nc6 7. Nc3 a6 8. b3
Rb8 9. Bb2 b5 10. cxb5 axb5 11. Rc1 b4 12. Nb1 Na7 13. Qc2 c6 14. Nbd2 Bd7 15.
Ne1 h5 16. Nd3 h4 17. e3 hxg3 18. hxg3 Qa5 19. Nf4 1/2-1/2

[Event "NRW-Klasse, Gruppe 2"]
[Site "Würselen"]
[Date "2014.01.12"]
[Round "5"]
[White "Andok, Claus"]
[Black "Schwalen, Peter"]
[Result "1/2-1/2"]
[WhiteElo "2104"]
[BlackElo "2140"]
[PlyCount "33"]
[EventDate "2014.??.??"]
[WhiteTeam "SV Würselen"]
[BlackTeam "SK Holsterhausen"]

1. g3 c5 2. c4 Nc6 3. Bg2 g6 4. Nc3 Bg7 5. Nf3 d6 6. O-O e5 7. d3 Nge7 8. Ne1
O-O 9. Nc2 Be6 10. Ne3 Rb8 11. Ned5 a6 12. a4 f6 13. Rb1 a5 14. Bd2 Nb4 15. Ne3
b6 16. Qb3 Kh8 17. Ncd5 1/2-1/2

[Event "NRW-Klasse, Gruppe 2"]
[Site "Würselen"]
[Date "2014.01.12"]
[Round "5"]
[White "Walbaum, Klaus"]
[Black "Bien, Stefan"]
[Result "1/2-1/2"]
[WhiteElo "2159"]
[BlackElo "2114"]
[PlyCount "58"]
[EventDate "2014.??.??"]
[WhiteTeam "SK Holsterhausen"]
[BlackTeam "SV Würselen"]

1. d4 d5 2. Nf3 Nf6 3. Bf4 c6 4. c3 Bf5 5. Nbd2 e6 6. e3 Nbd7 7. h3 Qb6 8. Qb3
h6 9. Ne5 Nxe5 10. Bxe5 Ne4 11. Nf3 f6 12. Bh2 Bd6 13. Bxd6 Nxd6 14. Be2 O-O
15. O-O Qxb3 16. axb3 a6 17. b4 Rad8 18. Nd2 e5 19. Nb3 Rfe8 20. Rfe1 Re7 21.
Rac1 g5 22. Bf1 Rde8 23. Red1 Kg7 24. Nc5 exd4 25. Rxd4 Ne4 26. Nb3 Nd6 27.
Rdd1 Bg6 28. Na5 Bf7 29. Nb3 Bg6 1/2-1/2

[Event "NRW-Klasse, Gruppe 2"]
[Site "Würselen"]
[Date "2014.01.12"]
[Round "5"]
[White "Kinderreich, Toni"]
[Black "Bobzin, Pierre"]
[Result "1/2-1/2"]
[WhiteElo "2061"]
[BlackElo "2197"]
[PlyCount "47"]
[EventDate "2014.??.??"]
[WhiteTeam "SV Würselen"]
[BlackTeam "SK Holsterhausen"]

1. d4 Nf6 2. Nf3 g6 3. Bf4 Bg7 4. e3 O-O 5. Nbd2 d6 6. Be2 Nbd7 7. c3 Qe8 8.
Qc2 e5 9. dxe5 dxe5 10. Bg5 Nc5 11. Bxf6 Bxf6 12. Ne4 Nxe4 13. Qxe4 Qe7 14. O-O
c6 15. Rfd1 Bf5 16. Qa4 a5 17. e4 b5 18. Qc2 Be6 19. Rd2 Rfd8 20. Rad1 Rxd2 21.
Rxd2 Rd8 22. c4 Rxd2 23. Nxd2 Qc5 24. a3 1/2-1/2

[Event "NRW-Klasse, Gruppe 2"]
[Site "Würselen"]
[Date "2014.01.12"]
[Round "5"]
[White "Sicars, Thorsten"]
[Black "Heinichen, Nils"]
[Result "1/2-1/2"]
[WhiteElo "2121"]
[BlackElo "2075"]
[PlyCount "45"]
[EventDate "2014.??.??"]
[WhiteTeam "SK Holsterhausen"]
[BlackTeam "SV Würselen"]

1. d4 f5 2. Bg5 Nf6 3. e3 e6 4. c4 d5 5. Nc3 c6 6. Bd3 Bd6 7. Qc2 O-O 8. Nge2
Nbd7 9. cxd5 cxd5 10. g4 Qa5 11. gxf5 e5 12. dxe5 Nxe5 13. O-O-O Nfg4 14. Nd4
Nxd3+ 15. Rxd3 Be5 16. Nb3 Qc7 17. f4 Bxf5 18. fxe5 Nxe5 19. Bf4 Nxd3+ 20. Qxd3
Bxd3 21. Bxc7 Rf2 22. Nd4 Rc8 23. Be5 1/2-1/2

[Event "NRW-Klasse, Gruppe 2"]
[Site "Würselen"]
[Date "2014.01.12"]
[Round "5"]
[White "Blagojevic, Lubo"]
[Black "Kortenbusch, Christoph"]
[Result "1/2-1/2"]
[WhiteElo "2030"]
[BlackElo "2104"]
[PlyCount "68"]
[EventDate "2014.??.??"]
[WhiteTeam "SV Würselen"]
[BlackTeam "SK Holsterhausen"]

1. d4 Nf6 2. Bf4 c5 3. e3 e6 4. Nf3 Nc6 5. c3 d5 6. Bd3 Bd6 7. Ne5 Qc7 8. Bb5
O-O 9. Bxc6 bxc6 10. O-O Rb8 11. b3 cxd4 12. cxd4 c5 13. Nd2 Ba6 14. Re1 Rbc8
15. Rc1 Qb6 16. Bg5 Bxe5 17. dxe5 Nd7 18. f4 f6 19. exf6 Nxf6 20. Rc3 Qa5 21.
Bxf6 Rxf6 22. Qc2 Rff8 23. Rc1 d4 24. exd4 cxd4 25. Rxc8 Rxc8 26. Nc4 Qd5 27.
Qd3 Rf8 28. Rf1 Rc8 29. Rc1 e5 30. fxe5 Qxe5 31. Rd1 Bxc4 32. bxc4 Rd8 33. h3
Qf4 34. c5 Qe5 1/2-1/2

[Event "NRW-Klasse, Gruppe 2"]
[Site "Würselen"]
[Date "2014.01.12"]
[Round "5"]
[White "Imberg, Thorsten"]
[Black "Vossen, Peter"]
[Result "1/2-1/2"]
[WhiteElo "1949"]
[BlackElo "1939"]
[PlyCount "45"]
[EventDate "2014.??.??"]
[WhiteTeam "SK Holsterhausen"]
[BlackTeam "SV Würselen"]

1. Nf3 Nf6 2. g3 d5 3. Bg2 c5 4. d3 Nc6 5. O-O e5 6. e4 dxe4 7. dxe4 Qxd1 8.
Rxd1 Bg4 9. c3 Be7 10. Nbd2 Rd8 11. Re1 Rd3 12. h3 Bh5 13. g4 Bg6 14. Nh4 O-O
15. Nf5 h6 16. Nc4 Re8 17. g5 hxg5 18. Bxg5 Bf8 19. Bxf6 gxf6 20. Nce3 Red8 21.
Rad1 Rxd1 22. Rxd1 Rxd1+ 23. Nxd1 1/2-1/2

[Event "NRW-Klasse, Gruppe 2"]
[Site "Würselen"]
[Date "2014.01.12"]
[Round "5"]
[White "Masic, Almir"]
[Black "Krieglstein, Marcel"]
[Result "1-0"]
[WhiteElo "1971"]
[BlackElo "1942"]
[PlyCount "91"]
[EventDate "2014.??.??"]
[WhiteTeam "SV Würselen"]
[BlackTeam "SK Holsterhausen"]

1. d4 d5 2. Bf4 Nf6 3. e3 Bf5 4. c4 c6 5. Qb3 Qb6 6. Nc3 e6 7. c5 Qxb3 8. axb3
Nbd7 9. h3 Be7 10. b4 O-O 11. b5 Rfc8 12. bxc6 Rxc6 13. Bb5 Rcc8 14. g4 Nxc5
15. gxf5 Nb3 16. Rb1 exf5 17. Nge2 Bb4 18. Ba4 Na5 19. O-O Nc4 20. Rfc1 Nd2 21.
Ra1 a6 22. Rc2 Nf3+ 23. Kg2 Nh4+ 24. Kg3 Ng6 25. Be5 Nh5+ 26. Kh2 Ne7 27. Rac1
Rd8 28. Bc7 Rdc8 29. Na2 Rxc7 30. Rxc7 Bd6+ 31. Kg2 Bxc7 32. Rxc7 Ng6 33. Bd7
Nh4+ 34. Kf1 b5 35. Rc8+ Rxc8 36. Bxc8 a5 37. Nac3 Nf6 38. Nxb5 Ne4 39. Nbc3
Nd2+ 40. Ke1 Nc4 41. Na4 Nf3+ 42. Kd1 Nd6 43. Bd7 Ng5 44. Nf4 g6 45. Ke2 Nde4
46. h4 1-0

[Event "SK Herne-Sodingen 1 - SVG Plettenberg 1"]
[Site "NRW-Klasse, Gruppe 2 2013/201"]
[Date "2014.02.02"]
[Round "6.1"]
[White "Haub, Thorsten Michael"]
[Black "Langers, Alexander"]
[Result "1-0"]
[WhiteElo "2455"]
[BlackElo "2187"]
[PlyCount "149"]
[EventDate "2014.??.??"]
[WhiteTeam "SVG Plettenberg 1"]
[BlackTeam "SK Herne-Sodingen 1"]

1. g3 d5 2. Bg2 Nf6 3. d3 e5 4. a3 c5 5. Nd2 Nc6 6. e3 Be6 7. Ne2 Be7 8. h3 Qd7
9. d4 cxd4 10. exd4 e4 11. Nf1 O-O 12. Nf4 Bd6 13. Nxe6 fxe6 14. Ne3 Ne7 15.
O-O Nf5 16. c4 Kh8 17. Ng4 Bc7 18. Ne5 Qe8 19. cxd5 exd5 20. Ng4 Bb6 21. Be3
Rc8 22. a4 Qe6 23. a5 Bc7 24. Bd2 Nxg4 25. Qxg4 Nxd4 26. Qxe6 Nxe6 27. h4 Rcd8
28. Rfd1 Bd6 29. b4 Rc8 30. Bh3 Rce8 31. Bxe6 Rxe6 32. Be3 Be5 33. Rac1 d4 34.
Bxd4 Bxd4 35. Rxd4 e3 36. f4 Re7 37. Kg2 h6 38. Kf3 g5 39. hxg5 hxg5 40. Rd5
gxf4 41. gxf4 e2 42. Re1 Kg7 43. Rg5+ Kf6 44. Rxe2 Rxe2 45. Kxe2 Rd8 46. Ke3
Rd1 47. Rb5 Rd7 48. Ke4 Rc7 49. Rf5+ Ke6 50. Rc5 Rd7 51. Rh5 Kf6 52. Rh6+ Kg7
53. Re6 Kf7 54. Ke5 Rd1 55. Rh6 Kg7 56. Rd6 Re1+ 57. Kd5 Re7 58. f5 Kf7 59. Rh6
Rd7+ 60. Ke5 Kg7 61. Rh4 Re7+ 62. Kd6 Re8 63. Rd4 Rd8+ 64. Ke5 Re8+ 65. Kf4 Rc8
66. Kg5 Rc7 67. f6+ Kf7 68. Kf5 b6 69. a6 b5 70. Rd5 Rc6 71. Rd7+ Ke8 72. Rxa7
Rc4 73. Rb7 Rxb4 74. a7 Ra4 75. Rb8+ 1-0

[Event "SK Herne-Sodingen 1 - SVG Plettenberg 1"]
[Site "NRW-Klasse, Gruppe 2 2013/201"]
[Date "2014.02.02"]
[Round "6.2"]
[White "Wickenfeld, Stefan"]
[Black "Bosch, Jeroen"]
[Result "1/2-1/2"]
[WhiteElo "2182"]
[BlackElo "2346"]
[Annotator "Doe,John"]
[PlyCount "190"]
[EventDate "2014.??.??"]
[WhiteTeam "SK Herne-Sodingen 1"]
[BlackTeam "SVG Plettenberg 1"]

1. d4 Nf6 2. Nf3 d6 3. g3 Nbd7 4. Bg2 e5 5. dxe5 dxe5 6. O-O Bc5 7. e3 O-O 8.
c4 Re8 9. Nc3 c6 10. Rb1 a5 11. a3 Qe7 12. Na4 Nb6 13. Nxb6 Bxb6 14. b4 Bf5 15.
Rb2 axb4 16. axb4 Red8 17. Qb3 e4 18. Nd2 h5 19. b5 Bc5 20. Qc2 Bd6 21. bxc6
bxc6 22. Rb6 h4 23. Bb2 hxg3 24. fxg3 Bc5 25. Rb3 Ng4 26. Bd4 Rxd4 27. exd4
Bxd4+ 28. Kh1 Nf2+ 29. Rxf2 Bxf2 30. Bxe4 $11 Bh3 31. Rb1 Qf6 32. Bg2 Bf5 33.
Ne4 Qg6 34. Rf1 Bd4 35. Nf6+ Qxf6 36. Qxf5 Qxf5 37. Rxf5 g6 38. Rf1 Ra6 39. Rd1
c5 40. Bd5 $11 Kg7 41. Rd2 f5 42. Kg2 g5 43. Re2 Kf6 44. Kf3 Ra3+ 45. Kg2 g4
46. Re6+ Kg5 47. Re2 Rc3 48. Kf1 Rc1+ 49. Re1 Rc2 50. Re2 Rc3 51. Re8 Rb3 52.
Rg8+ Kh6 53. Re8 Kg6 54. Rg8+ Bg7 55. Re8 Bc3 56. Re6+ Kg5 57. Ke2 Bd4 58. Kf1
Be3 59. Re8 Rb1+ 60. Ke2 Bd4 61. Rg8+ Kf6 62. Rf8+ Kg6 63. Be6 Rb2+ 64. Kd1 Bf6
65. Rc8 Bd4 66. Rf8 Bf6 67. Rg8+ Bg7 68. Rc8 Bd4 69. Rf8 Bf6 70. Rg8+ Bg7 71.
Bxf5+ Kxf5 72. Rxg7 Rxh2 73. Ke1 Rg2 74. Rc7 Rxg3 75. Kf2 Rc3 76. Rxc5+ Kf4 77.
Ra5 Rc2+ 78. Kg1 Rc1+ 79. Kg2 Rc2+ 80. Kg1 Rxc4 81. Ra8 Rc2 82. Ra7 Re2 83. Ra8
Kf3 84. Ra3+ Kf4 85. Ra8 Kg3 86. Ra3+ Kh4 87. Ra8 Kh3 88. Rb8 Ra2 89. Rb1 g3
90. Rc1 Rg2+ 91. Kh1 Rf2 92. Kg1 Rh2 93. Rc8 Rg2+ 94. Kh1 Rh2+ 95. Kg1 Rg2+
1/2-1/2

[Event "SK Herne-Sodingen 1 - SVG Plettenberg 1"]
[Site "NRW-Klasse, Gruppe 2 2013/201"]
[Date "2014.02.02"]
[Round "6.3"]
[White "Klip, Hans"]
[Black "Waldschmidt, Georg"]
[Result "1-0"]
[WhiteElo "2300"]
[BlackElo "2197"]
[PlyCount "69"]
[EventDate "2014.??.??"]
[WhiteTeam "SVG Plettenberg 1"]
[BlackTeam "SK Herne-Sodingen 1"]

1. e4 c5 2. Nf3 e6 3. Nc3 d6 4. d4 cxd4 5. Nxd4 Nf6 6. f4 Nc6 7. Nb3 Be7 8. Bd3
O-O 9. O-O a5 10. Be3 e5 11. Kh1 a4 12. Nd2 a3 13. bxa3 Ng4 14. Bg1 exf4 15.
Nd5 Ne3 16. Bxe3 fxe3 17. Nc4 Bg5 18. Ndb6 Rb8 19. Nxc8 Rxc8 20. Rb1 Rb8 21.
Rf5 Bh6 22. Rd5 Qh4 23. Nxd6 g6 24. Qe1 Qe7 25. Nc4 Rfd8 26. Rdb5 Nd4 27. Re5
Qc7 28. Rd5 Rxd5 29. exd5 e2 30. d6 Qc5 31. Bxe2 b5 32. Bd3 Rd8 33. Na5 Qxa3
34. Nb7 Rb8 35. d7 1-0

[Event "SK Herne-Sodingen 1 - SVG Plettenberg 1"]
[Site "NRW-Klasse, Gruppe 2 2013/201"]
[Date "2014.02.02"]
[Round "6.4"]
[White "Trzaska, Peter"]
[Black "Pieper, Dawid"]
[Result "1-0"]
[WhiteElo "2069"]
[BlackElo "2162"]
[PlyCount "39"]
[EventDate "2014.??.??"]
[WhiteTeam "SK Herne-Sodingen 1"]
[BlackTeam "SVG Plettenberg 1"]

1. Nf3 f5 2. b3 Nf6 3. Bb2 e6 4. g3 Be7 5. Bg2 O-O 6. O-O d6 7. d4 Ne4 8. Nbd2
Nd7 9. Nxe4 fxe4 10. Nd2 d5 11. f4 Bf6 12. c4 c5 13. f5 Bxd4+ 14. Bxd4 cxd4 15.
fxe6 Nf6 16. cxd5 Nxd5 17. Rxf8+ Qxf8 18. Nxe4 Ne3 19. Qxd4 Nxg2 20. Rf1 1-0